Storia della filosofia italiana (fino a Lorenzo Valla) /

Bibliographic Details
Main Author: Gentile, Giovanni, 1875-1944
Other Authors: Bellezza, Vito A.
Format: Book
Language:Italian
Published: Firenze : Sansoni, 1962.
Edition:2a ed. riveduta /
Series:Opere complete (Giovanni Gentile) ; 11.
Subjects:

MARC

Tag First Indicator Second Indicator Subfields
LEADER 00000cam a2200000 a 4500
001 in00000071595
005 20151008062311.0
008 760407s1962 it b 00110 ita d
035 |a (OCoLC)02098569 
035 |9 AAJ9935AM 
040 |a YBM  |c YBM  |d m.c.  |d TXA  |d UtOrBLW 
049 |a TXAM  |c [1387014] 
090 |a B3551  |b .G36 1962 
100 1 |a Gentile, Giovanni,  |d 1875-1944. 
245 1 0 |a Storia della filosofia italiana (fino a Lorenzo Valla) /  |c Giovanni Gentile. 
250 |a 2a ed. riveduta /  |b da Vito A. Bellezza. 
264 1 |a Firenze :  |b Sansoni,  |c 1962. 
300 |a 399 pages ;  |c 22 cm. 
336 |a text  |b txt  |2 rdacontent 
337 |a unmediated  |b n  |2 rdamedia 
338 |a volume  |b nc  |2 rdacarrier 
490 1 |a Opere complete / Giovanni Gentile ;  |v 11 
500 |a "Quest'opera, scritta, sembra, nel 1902, apparve in prima edizione col titolo La filosofia"--Avvertenza. 
500 |a Includes bibliographical references and index. 
650 0 |a Philosophy, Italian. 
650 0 |a Philosophers  |z Italy. 
700 1 |a Bellezza, Vito A. 
830 0 |a Opere complete (Giovanni Gentile) ;  |v 11. 
999 |a MARS 
999 f f |s 74a47e76-689b-333e-91fc-f8808f6c0012  |i a29ef2ab-2b4e-368e-b804-a35476c76e1b  |t 0 
952 f f |p ric  |a Texas A&M University  |b Rellis Campus  |c Joint Library Facility  |d Remote Storage  |t 0  |e B3551 .G36 1962  |h Library of Congress classification  |i unmediated -- volume  |m A14806084805 
998 f f |a B3551 .G36 1962  |t 0  |l Remote Storage